[Event "2.BLS 1617 TSV Schönaich - SC Heusenst"]
[Site "?"]
[Date "2017.02.05"]
[Round "5.4"]
[White "Martinovic, Sasa"]
[Black "Weichhold, Pawel"]
[Result "1-0"]
[WhiteElo "2550"]
[BlackElo "2423"]
[PlyCount "69"]
[EventDate "2017.??.??"]

1. d4 Nf6 2. c4 g6 3. Nc3 Bg7 4. e4 d6 5. f3 O-O 6. Be3 c5 7. Nge2 cxd4 8. Nxd4
Nc6 9. Be2 Bd7 10. Qd2 Nxd4 11. Bxd4 a5 12. O-O Bc6 13. Rad1 a4 14. Nd5 Bxd5
15. cxd5 Nd7 16. Be3 Qa5 17. Qxa5 Rxa5 18. Rb1 Rc8 19. Rfc1 Rxc1+ 20. Rxc1 Nc5
21. Rc2 f5 22. exf5 gxf5 23. g4 fxg4 24. fxg4 Be5 25. g5 Kg7 26. h4 Ra8 27. Kg2
b5 28. Bxb5 Rb8 29. Be2 Rb4 30. h5 Kf7 31. Bc4 Bxb2 32. Kh3 Be5 33. Kg4 Nd3 34.
a3 Ne1 35. Rf2+ 1-0

[Event "2.BLS 1617 TSV Schönaich - SC Heusenst"]
[Site "?"]
[Date "2017.02.05"]
[Round "5.5"]
[White "Barski, Radoslaw"]
[Black "Vishnu, Prasanna. V"]
[Result "1/2-1/2"]
[WhiteElo "2425"]
[BlackElo "2532"]
[PlyCount "88"]
[EventDate "2017.??.??"]

1. e4 e5 2. Nf3 Nc6 3. Bb5 a6 4. Ba4 Nf6 5. O-O Be7 6. Re1 b5 7. Bb3 d6 8. c3
O-O 9. h3 Na5 10. Bc2 c5 11. d4 Nd7 12. Nbd2 exd4 13. cxd4 cxd4 14. Nxd4 Ne5
15. Nf1 Bf6 16. Ne3 Be6 17. b3 Nec6 18. Bb2 Nxd4 19. Bxd4 Bxd4 20. Qxd4 Nc6 21.
Qd2 Qg5 22. Rf1 Qf4 23. g3 Qf6 24. Kg2 Nd4 25. Rad1 Qf3+ 26. Kh2 Nxc2 27. Qxc2
Rac8 28. Qd3 Rc5 29. Qxd6 Rh5 30. h4 Qxe4 31. Rd4 Qa8 32. Rfd1 Qf3 33. Rf4 Qb7
34. Rfd4 h6 35. Ng2 Rf5 36. R1d2 Rc8 37. Qb4 Kh7 38. Rf4 Rc1 39. Rxf5 Bxf5 40.
Qf4 Qe4 41. f3 Qb1 42. g4 Be6 43. h5 Rc8 44. Qe3 Kh8 1/2-1/2

[Event "2.BLS 1617 TSV Schönaich - SC Heusenst"]
[Site "?"]
[Date "2017.02.05"]
[Round "5.6"]
[White "Volke, Karsten"]
[Black "Solonar, Stefan"]
[Result "1/2-1/2"]
[WhiteElo "2461"]
[BlackElo "2325"]
[PlyCount "62"]
[EventDate "2017.??.??"]

1. d4 Nf6 2. c4 d6 3. Nc3 Nbd7 4. e4 e5 5. Nf3 g6 6. Be2 Bg7 7. O-O O-O 8. Qc2
Qe7 9. Be3 Re8 10. d5 c5 11. Nd2 Nf8 12. a3 Ng4 13. Bxg4 Bxg4 14. b4 b6 15.
Rfb1 f5 16. f3 Bh5 17. bxc5 bxc5 18. Rb5 f4 19. Bf2 g5 20. h3 Rec8 21. Rab1 Be8
22. Rb7 Rc7 23. Qb2 Bf6 24. Rxc7 Qxc7 25. Qb7 Qxb7 26. Rxb7 a6 27. Kf1 Bd8 28.
Ke2 Nd7 29. Na4 Rb8 30. Ra7 Nb6 31. Nc3 Ra8 1/2-1/2

[Event "2.BLS 1617 TSV Schönaich - SC Heusenst"]
[Site "?"]
[Date "2017.02.05"]
[Round "5.7"]
[White "Klundt, Klaus"]
[Black "Bunzmann, Dimitrij"]
[Result "1/2-1/2"]
[WhiteElo "2302"]
[BlackElo "2451"]
[PlyCount "53"]
[EventDate "2017.??.??"]

1. e4 e6 2. d4 d5 3. Nd2 Nf6 4. e5 Nfd7 5. f4 c5 6. c3 Nc6 7. Ndf3 cxd4 8. cxd4
a5 9. Bd3 Nb6 10. Ne2 a4 11. Nc3 Bb4 12. O-O a3 13. Qb3 axb2 14. Bxb2 Be7 15.
Nb5 Na5 16. Qc2 Nac4 17. Bc1 Bd7 18. Rb1 g6 19. g4 Rc8 20. Qg2 Na4 21. f5 Qa5
22. Nd6+ Nxd6 23. exd6 Bxd6 24. Rxb7 Rb8 25. Bd2 Qa8 26. Rxb8+ Qxb8 27. fxe6
1/2-1/2

[Event "2.BLS 1617 SC Emmendingen - SF Schönec"]
[Site "?"]
[Date "2017.02.05"]
[Round "5.1"]
[White "Polak, Tomas"]
[Black "Sokolov, Andrei"]
[Result "1/2-1/2"]
[WhiteElo "2505"]
[BlackElo "2518"]
[PlyCount "21"]
[EventDate "2017.??.??"]

1. d4 Nf6 2. c4 e6 3. Nf3 b6 4. g3 Bb4+ 5. Bd2 Be7 6. Bg2 c6 7. Nc3 d5 8. Ne5
O-O 9. O-O Bb7 10. Qb3 Nbd7 11. Nxd7 1/2-1/2

[Event "2.BLS 1617 SC Emmendingen - SF Schönec"]
[Site "?"]
[Date "2017.02.05"]
[Round "5.2"]
[White "Cvitan, Ognjen"]
[Black "Krejci, Jan"]
[Result "1/2-1/2"]
[WhiteElo "2490"]
[BlackElo "2495"]
[PlyCount "38"]
[EventDate "2017.??.??"]

1. d4 Nf6 2. c4 e6 3. Nc3 Bb4 4. e3 O-O 5. Bd3 d5 6. Nf3 b6 7. O-O Bb7 8. a3
Bd6 9. b3 Nbd7 10. Bb2 a6 11. Rc1 Qe7 12. a4 Rfe8 13. Rc2 Rad8 14. cxd5 exd5
15. Qe2 Ra8 16. Rfc1 Ne4 17. Qd1 g6 18. Bf1 Rac8 19. Nxe4 Qxe4 1/2-1/2

[Event "2.BLS 1617 SC Emmendingen - SF Schönec"]
[Site "?"]
[Date "2017.02.05"]
[Round "5.3"]
[White "Poetsch, Hagen"]
[Black "Korpa, Bence"]
[Result "1/2-1/2"]
[WhiteElo "2498"]
[BlackElo "2473"]
[PlyCount "68"]
[EventDate "2017.??.??"]

1. e4 c5 2. Nf3 e6 3. d4 cxd4 4. Nxd4 Nc6 5. Nc3 Qc7 6. Be3 Nf6 7. f4 Bb4 8.
Ndb5 Qa5 9. e5 Ne4 10. Qd3 Nxc3 11. bxc3 Be7 12. Be2 O-O 13. O-O b6 14. Nd4
Nxd4 15. cxd4 Qa3 16. f5 exf5 17. Rxf5 Qxd3 18. Bxd3 d6 19. Rh5 g6 20. exd6
Bxd6 21. Rd5 Bc7 22. Bh6 Be6 23. Bxf8 Bxd5 24. Bh6 Re8 25. g3 Bd8 26. Bd2 h5
27. Kf2 f5 28. a4 h4 29. a5 hxg3+ 30. hxg3 Kf7 31. c4 Be4 32. Bxe4 Rxe4 33.
axb6 axb6 34. Ra7+ Ke8 {(=)} 1/2-1/2

[Event "2.BLS 1617 SC Emmendingen - SF Schönec"]
[Site "?"]
[Date "2017.02.05"]
[Round "5.5"]
[White "Meyer, Kai-Christian"]
[Black "Hommeles, Theo"]
[Result "0-1"]
[WhiteElo "2172"]
[BlackElo "2373"]
[PlyCount "86"]
[EventDate "2017.??.??"]

1. d4 g6 2. Nf3 Bg7 3. c3 d6 4. e4 Nf6 5. Bd3 O-O 6. O-O Nc6 7. Bg5 h6 8. Bh4
e5 9. dxe5 Nxe5 10. Nxe5 dxe5 11. Qc2 c6 12. Nd2 Qc7 13. Rfd1 Be6 14. a4 Rfd8
15. f3 Rd6 16. Nc4 Rd7 17. Bf2 Rad8 18. Be2 Bf8 19. Rxd7 Nxd7 20. b4 b6 21. Qb2
Be7 22. Be3 h5 23. Rf1 Bf6 24. Qc1 b5 25. Nb2 a6 26. c4 Qb7 27. Qc3 Be7 28. c5
Rb8 29. a5 Re8 30. Bd1 Bf6 31. Bc2 Qc7 32. h3 Rd8 33. g4 hxg4 34. fxg4 Bg7 35.
Bb3 Bxb3 36. Qxb3 Nf8 37. Rd1 Ne6 38. Rxd8+ Qxd8 39. Qd1 Qh4 40. Kh2 Bh6 41.
Qg1 Bf4+ 42. Bxf4 exf4 43. Nd3 Qd8 0-1

[Event "2.BLS 1617 SC Emmendingen - SF Schönec"]
[Site "?"]
[Date "2017.02.05"]
[Round "5.6"]
[White "Bauer, Andreas"]
[Black "Timpel, Klaus"]
[Result "1-0"]
[WhiteElo "2246"]
[BlackElo "2181"]
[PlyCount "67"]
[EventDate "2017.??.??"]

1. d4 g6 2. Bf4 Bg7 3. e3 d6 4. Nf3 Nd7 5. h3 e5 6. Bh2 Ne7 7. Be2 O-O 8. c3 a6
9. O-O e4 10. Nfd2 Nf6 11. Qc2 d5 12. c4 c6 13. Nc3 Bf5 14. Rfc1 Re8 15. Qb3
Qd7 16. Na4 Bxh3 17. Nb6 Qf5 18. gxh3 Qxh3 19. Nxa8 Nf5 20. Qd1 Rxa8 21. Qf1
Qh4 22. Qg2 Bh6 23. Bg3 Nxg3 24. fxg3 Bxe3+ 25. Kf1 Qg5 26. Nb3 Bxc1 27. Rxc1
b5 28. cxd5 cxd5 29. Rc7 h5 30. Qf2 Rf8 31. Qf4 Qxf4+ 32. gxf4 Kg7 33. Nc5 h4
34. Ne6+ 1-0

[Event "2.BLS 1617 SC Emmendingen - SF Schönec"]
[Site "?"]
[Date "2017.02.05"]
[Round "5.8"]
[White "Rahnfeld, Jens"]
[Black "Everett, Elijah"]
[Result "1-0"]
[WhiteElo "2274"]
[BlackElo "2101"]
[PlyCount "83"]
[EventDate "2017.??.??"]

1. e4 c5 2. Nf3 d6 3. d4 cxd4 4. Nxd4 Nf6 5. Nc3 a6 6. Be3 e5 7. Nb3 Be6 8. f3
Nbd7 9. Qd2 Be7 10. g4 b5 11. O-O-O O-O 12. g5 b4 13. Ne2 Ne8 14. f4 a5 15. f5
a4 16. Nbd4 exd4 17. Nxd4 b3 18. Kb1 bxc2+ 19. Nxc2 Bb3 20. axb3 axb3 21. Na3
Ne5 22. Qg2 Qb8 23. h4 Nc7 24. Bd4 Rc8 25. Rh3 Ra4 26. h5 Qb4 27. g6 h6 28. Bc4
Nb5 29. gxf7+ Kf8 30. Bxb5 Rxa3 31. bxa3 Qxb5 32. Qb2 Nc4 33. Qxb3 Nxa3+ 34.
Ka2 Qa6 35. Bxg7+ Kxg7 36. Qxa3 Qc4+ 37. Rb3 Qxe4 38. Rb4 Qxf5 39. Qg3+ Kh8 40.
Qg6 Qxg6 41. hxg6 Kg7 42. Re1 1-0

[Event "2.BLS 1617 SC Untergrombach - SC Viernh"]
[Site "?"]
[Date "2017.02.05"]
[Round "5.1"]
[White "Kryvoruchko, Yuriy"]
[Black "Brunner, Nicolas"]
[Result "1-0"]
[WhiteElo "2701"]
[BlackElo "2479"]
[PlyCount "97"]
[EventDate "2017.??.??"]

1. e4 c5 2. Nf3 d6 3. Bb5+ Nd7 4. c3 Ngf6 5. Qe2 a6 6. Ba4 b5 7. Bc2 Bb7 8. O-O
e5 9. d4 Be7 10. Rd1 Qc7 11. d5 c4 12. b4 cxb3 13. axb3 O-O 14. Bd2 Nb6 15. Na3
Bc8 16. c4 bxc4 17. bxc4 Bg4 18. Bd3 Nfd7 19. Ba5 Nc5 20. Rab1 Rfb8 21. h3 Bh5
22. g4 Bg6 23. Nd2 Bd8 24. Nb3 Nxb3 25. Rxb3 Qc5 26. Bb4 Qc7 27. Ba5 Qc5 28.
Bb4 Qc7 29. c5 dxc5 30. Ba5 Qa7 31. Bxb6 Rxb6 32. Rxb6 Bxb6 33. Nc4 f6 34. d6
a5 35. f4 a4 36. fxe5 fxe5 37. Kg2 a3 38. Nxe5 a2 39. Bc4+ Kh8 40. Ra1 Qb8 41.
Nxg6+ hxg6 42. e5 Ra3 43. Rxa2 Qa8+ 44. Kh2 Rxa2 45. Bxa2 Qf8 46. Kg3 Ba5 47.
Qf2 Qg8 48. Kg2 Bc3 49. Qh4+ 1-0

[Event "2.BLS 1617 SC Untergrombach - SC Viernh"]
[Site "?"]
[Date "2017.02.05"]
[Round "5.2"]
[White "Maier, Christian"]
[Black "Fedorchuk, Sergey"]
[Result "0-1"]
[WhiteElo "2395"]
[BlackElo "2625"]
[PlyCount "50"]
[EventDate "2017.??.??"]

1. e4 c5 2. Nf3 e6 3. c3 d5 4. e5 d4 5. cxd4 cxd4 6. Bb5+ Nd7 7. O-O Bc5 8. b4
Bxb4 9. Qb3 Be7 10. Nxd4 Nh6 11. Ba3 O-O 12. Bxd7 Qxd7 13. Bxe7 Qxe7 14. Rc1 b6
15. Nb5 Nf5 16. Rc7 Qd8 17. Qc4 a6 18. Na7 Bd7 19. Na3 Be8 20. Rc1 Qxd2 21. Nb1
Qb2 22. Qc3 Qxa2 23. Nd2 Rd8 24. Nf3 Qe2 25. g4 Rd3 0-1

[Event "2.BLS 1617 SC Untergrombach - SC Viernh"]
[Site "?"]
[Date "2017.02.05"]
[Round "5.3"]
[White "Maze, Sebastien"]
[Black "Heinz, Timothee"]
[Result "1-0"]
[WhiteElo "2613"]
[BlackElo "2346"]
[PlyCount "117"]
[EventDate "2017.??.??"]

1. e4 c6 2. d4 d5 3. e5 Bf5 4. Nf3 e6 5. Be2 Ne7 6. O-O Nc8 7. b3 Be7 8. c4 O-O
9. Nc3 Nb6 10. Bd3 Na6 11. c5 Nd7 12. Rb1 Nc7 13. b4 b6 14. Bxf5 exf5 15. Qa4
b5 16. Qc2 g6 17. a4 a6 18. Ra1 Qb8 19. Bh6 Re8 20. Ra2 Ne6 21. Rfa1 Qb7 22. g3
f6 23. exf6 Bxf6 24. Qd3 Ndf8 25. Bd2 Nd7 26. h4 Bg7 27. Ne2 Nf6 28. Nf4 Nxf4
29. Bxf4 Nh5 30. Be5 Bf8 31. Qd2 h6 32. Ra3 bxa4 33. Rxa4 Ra7 34. Ne1 Rea8 35.
Nd3 Kh7 36. R1a3 Be7 37. f3 Qc8 38. Kg2 Ng7 39. Ra1 Bd8 40. R4a3 Ne6 41. Qc2
Nc7 42. h5 g5 43. Bxc7 Rxc7 44. b5 cxb5 45. Nb4 Rca7 46. Nxd5 Rf7 47. Re3 a5
48. Re5 Ra6 49. Ne3 Raf6 50. Nxf5 Kh8 51. Re8+ Rf8 52. Rxf8+ Rxf8 53. g4 Qc6
54. Qe4 Rf6 55. Qxc6 Rxc6 56. Nd6 b4 57. Nf7+ Kg7 58. Nxd8 Ra6 59. c6 1-0

[Event "2.BLS 1617 SC Untergrombach - SC Viernh"]
[Site "?"]
[Date "2017.02.05"]
[Round "5.4"]
[White "Schneider, Bernd"]
[Black "Beikert, Guenther"]
[Result "0-1"]
[WhiteElo "2312"]
[BlackElo "2403"]
[PlyCount "48"]
[EventDate "2017.??.??"]

1. e4 c5 2. Nf3 d6 3. c4 Nc6 4. d4 Bg4 5. d5 Ne5 6. Be2 Bxf3 7. gxf3 g6 8. Bd2
Nf6 9. f4 Ned7 10. Bc3 Bh6 11. e5 Ne4 12. e6 Ndf6 13. f5 fxe6 14. fxe6 O-O 15.
Rg1 Nxf2 16. Kxf2 Nxd5+ 17. Bf3 Ne3 18. Qd3 Rxf3+ 19. Kxf3 Qf8+ 20. Ke2 Qf4 21.
Ke1 Nc2+ 22. Kd1 Qc1+ 23. Ke2 Qxg1 24. Qxc2 Rf8 0-1

[Event "2.BLS 1617 SC Untergrombach - SC Viernh"]
[Site "?"]
[Date "2017.02.05"]
[Round "5.5"]
[White "Libiszewski, Fabien"]
[Black "Sieglen, Joachim"]
[Result "1/2-1/2"]
[WhiteElo "2545"]
[BlackElo "2233"]
[PlyCount "77"]
[EventDate "2017.??.??"]

1. e4 e6 2. d4 d5 3. Nc3 Bb4 4. e5 c5 5. a3 Bxc3+ 6. bxc3 Ne7 7. h4 Nbc6 8. h5
Qa5 9. Bd2 cxd4 10. cxd4 Qa4 11. h6 Qxd4 12. Nf3 Qe4+ 13. Be2 Nd4 14. Nxd4 Qxd4
15. hxg7 Rg8 16. Rxh7 Qxe5 17. Rb1 Rxg7 18. Rxg7 Qxg7 19. Kf1 b6 20. Rb3 Bd7
21. Ba6 Nf5 22. Bc3 Qh6 23. Kg1 Bc8 24. Bf1 Bd7 25. Be5 Bc6 26. Rh3 Qg6 27. Qd3
Kd7 28. Qa6 Nd6 29. Rf3 Qxc2 30. Bxd6 Kxd6 31. Rxf7 d4 32. Rxa7 Rxa7 33. Qxa7
Qc5 34. Qg7 Qe5 35. Qf8+ Kd7 36. Qf7+ Kd6 37. Qf8+ Kd7 38. Qf7+ Kd6 39. Qf8+
1/2-1/2

[Event "2.BLS 1617 SC Untergrombach - SC Viernh"]
[Site "?"]
[Date "2017.02.05"]
[Round "5.6"]
[White "Fuchs, Heinz"]
[Black "Meinhardt, Maximilian"]
[Result "1/2-1/2"]
[WhiteElo "2257"]
[BlackElo "2378"]
[PlyCount "122"]
[EventDate "2017.??.??"]

1. c4 e6 2. Nc3 d5 3. d4 c5 4. cxd5 exd5 5. Nf3 Nc6 6. g3 c4 7. Bg2 Bb4 8. O-O
Nge7 9. Bd2 O-O 10. b3 Bg4 11. e3 Na5 12. h3 Bf5 13. Na4 Ba3 14. bxc4 Nxc4 15.
Qb3 Qd6 16. Bc1 Bb4 17. a3 Ba5 18. Nc5 Qb6 19. Nh4 Qxb3 20. Nxb3 Bd3 21. Rd1
Bc2 22. Nxa5 Bxd1 23. Nxc4 dxc4 24. Bd2 Ba4 25. Bxb7 Rab8 26. Ba6 Bb3 27. Bb4
Rfe8 28. Bc5 c3 29. Rc1 Bd5 30. Bd3 Nc6 31. Rxc3 g6 32. Ng2 Rb2 33. Nf4 Bf3 34.
g4 h5 35. g5 Rd2 36. Rc1 h4 37. Bc4 Be4 38. Ng2 Rb8 39. Nxh4 Nd8 40. f3 Bc6 41.
Bb4 Rb2 42. e4 Kh7 43. Ng2 Bb5 44. Bd5 Bd7 45. Nf4 Rc8 46. Rxc8 Bxc8 47. h4 Bb7
48. Be7 Bxd5 49. Bxd8 Bc4 50. Be7 Rb1+ 51. Kf2 Rf1+ 52. Kg2 Rd1 53. d5 a5 54.
Kf2 a4 55. Ke3 Kg7 56. h5 gxh5 57. Nxh5+ Kg6 58. Nf4+ Kg7 59. Nh5+ Kg6 60. Nf4+
Kg7 61. Nh5+ Kg6 1/2-1/2

[Event "2.BLS 1617 SC Untergrombach - SC Viernh"]
[Site "?"]
[Date "2017.02.05"]
[Round "5.7"]
[White "Mandel, Andreas"]
[Black "Florea, Dan"]
[Result "1/2-1/2"]
[WhiteElo "2400"]
[BlackElo "2267"]
[PlyCount "63"]
[EventDate "2017.??.??"]

1. d4 e6 2. Nf3 Nf6 3. c4 b6 4. g3 Bb7 5. Bg2 Be7 6. O-O O-O 7. Nc3 Ne4 8. Bd2
Nxd2 9. Qxd2 d6 10. e4 Nd7 11. Rfe1 e5 12. Rad1 Re8 13. Qc2 exd4 14. Nxd4 Bf8
15. Nde2 a5 16. b3 c6 17. Rd2 Qc7 18. Red1 Rad8 19. Nd4 g6 20. h3 Bg7 21. a3
Nc5 22. Nde2 Bf8 23. Nc1 Bg7 24. Re2 Ne6 25. Red2 Nc5 26. N1e2 Bf8 27. Nd4 Bg7
28. Re2 Ne6 29. Nxe6 fxe6 30. h4 Ba6 31. Ree1 d5 32. Ne2 {(=)} 1/2-1/2

[Event "2.BLS 1617 Caissa Schwarzb. - Schott Ma"]
[Site "?"]
[Date "2017.02.05"]
[Round "5.1"]
[White "Lobron, Eric"]
[Black "Frischmann, Rick"]
[Result "1-0"]
[WhiteElo "2528"]
[BlackElo "2323"]
[PlyCount "59"]
[EventDate "2017.??.??"]

1. Nf3 Nf6 2. c4 g6 3. b3 Bg7 4. Bb2 O-O 5. g3 d5 6. cxd5 Nxd5 7. Bxg7 Kxg7 8.
Bg2 Nc6 9. d4 Bg4 10. Nbd2 Nxd4 11. Nxd4 Nc3 12. Qc2 Qxd4 13. e3 Qf6 14. Rc1
Nb5 15. Bxb7 Rad8 16. O-O Bf5 17. Ne4 Qb6 18. Bc6 Kg8 19. Qb2 Nd6 20. Nd2 Nb7
21. Bf3 Nc5 22. Nc4 Qe6 23. Ne5 Ne4 24. Rfd1 f6 25. Rxd8 Rxd8 26. Nc6 Rd2 27.
Qxd2 Nxd2 28. Bd5 Nf3+ 29. Kh1 Qxd5 30. Nxe7+ 1-0

[Event "2.BLS 1617 Caissa Schwarzb. - Schott Ma"]
[Site "?"]
[Date "2017.02.05"]
[Round "5.2"]
[White "Oberhofer, Andre"]
[Black "Dann, Matthias"]
[Result "0-1"]
[WhiteElo "2302"]
[BlackElo "2480"]
[PlyCount "78"]
[EventDate "2017.??.??"]

1. e4 e6 2. d4 d5 3. Nc3 Bb4 4. a3 Bxc3+ 5. bxc3 dxe4 6. Qg4 Nf6 7. Qxg7 Rg8 8.
Qh6 Bd7 9. Bb2 Bc6 10. c4 Nbd7 11. Nh3 Qe7 12. Qd2 Nb6 13. Qb4 e3 14. f3 e2 15.
Bxe2 Rxg2 16. Nf4 Rg5 17. Nd3 Qxb4+ 18. Nxb4 Ba4 19. Bd3 a5 20. Na2 Rg2 21. Kf1
Bxc2 22. Kxg2 Bxd3 23. d5 Nh5 24. Be5 O-O-O 25. dxe6 fxe6 26. c5 Nc4 27. Bg3
Bf5 28. Rhg1 Rd3 29. Rac1 Ne3+ 30. Kh1 Nd5 31. Rgf1 Rxa3 32. Rf2 Re3 33. c6 b5
34. Bh4 b4 35. Rg2 Bg6 36. Rc5 Ra3 37. Rd2 Nhf4 38. Rc4 Bd3 39. Rc1 Be2 0-1

[Event "2.BLS 1617 Caissa Schwarzb. - Schott Ma"]
[Site "?"]
[Date "2017.02.05"]
[Round "5.3"]
[White "Krivonosov, Oleg"]
[Black "Wild, Achim"]
[Result "1-0"]
[WhiteElo "2446"]
[BlackElo "2293"]
[PlyCount "49"]
[EventDate "2017.??.??"]

1. Nf3 d5 2. d4 Nf6 3. c4 c6 4. cxd5 cxd5 5. Nc3 Nc6 6. Bf4 a6 7. Rc1 e6 8. e3
Be7 9. h3 Bd7 10. Bd3 O-O 11. O-O Qa5 12. Ne5 Rfc8 13. Bb1 Be8 14. Qd3 g6 15.
Bg5 Qd8 16. Rfd1 Nxe5 17. dxe5 Nd7 18. Bxe7 Qxe7 19. f4 Qb4 20. Qd2 Nc5 21.
Nxd5 Qxd2 22. Nf6+ Kf8 23. Rxd2 Nd7 24. Rxc8 Rxc8 25. Be4 1-0

[Event "2.BLS 1617 Caissa Schwarzb. - Schott Ma"]
[Site "?"]
[Date "2017.02.05"]
[Round "5.4"]
[White "Weller, Manuel"]
[Black "Cicak, Slavko"]
[Result "0-1"]
[WhiteElo "2220"]
[BlackElo "2509"]
[PlyCount "64"]
[EventDate "2017.??.??"]

1. e4 c5 2. Nf3 g6 3. d4 cxd4 4. Nxd4 Nc6 5. Nc3 Bg7 6. Be3 Nf6 7. Bc4 O-O 8.
Bb3 e6 9. O-O a6 10. Re1 Qc7 11. h3 b5 12. a3 Bb7 13. Qd2 Rfd8 14. Rad1 Rac8
15. Nf3 d6 16. Bh6 Ne5 17. Nd4 Nc4 18. Bxc4 Qxc4 19. Bxg7 Kxg7 20. Qe3 Qc7 21.
Nb3 e5 22. Rd2 Nd7 23. Rd3 Nb6 24. Red1 f6 25. Qc1 Rd7 26. Nd2 f5 27. exf5 gxf5
28. Rg3+ Kh8 29. Rg5 Rg7 30. Rxg7 Qxg7 31. g3 f4 32. Nf1 Qd7 0-1

[Event "2.BLS 1617 Caissa Schwarzb. - Schott Ma"]
[Site "?"]
[Date "2017.02.05"]
[Round "5.5"]
[White "Balcerak, Jakob"]
[Black "Tabatt, Hendrik"]
[Result "1-0"]
[WhiteElo "2449"]
[BlackElo "2332"]
[PlyCount "93"]
[EventDate "2017.??.??"]

1. d4 Nf6 2. c4 e6 3. Nf3 Bb4+ 4. Nbd2 d5 5. Qa4+ Nc6 6. a3 Bxd2+ 7. Bxd2 Ne4
8. Qc2 O-O 9. e3 f5 10. b4 Ne7 11. Bd3 c6 12. O-O Bd7 13. Ne5 Ng6 14. Bc1 Nxe5
15. dxe5 b5 16. cxd5 cxd5 17. Bb2 a6 18. Rac1 Qe7 19. f3 Rfc8 20. Qe2 Ng5 21.
Bd4 Rxc1 22. Rxc1 Rc8 23. Qe1 Qd8 24. Ra1 Qe8 25. Qg3 Qh5 26. a4 Nf7 27. Bc5
Nd8 28. axb5 Bxb5 29. Bxb5 axb5 30. Ra7 Qh6 31. f4 Nc6 32. Rb7 g6 33. h3 Ra8
34. Kh2 Ra3 35. Rc7 Ra6 36. Rc8+ Kf7 37. Rf8+ Qxf8 38. Bxf8 Kxf8 39. Qh4 Ne7
40. Qf6+ Ke8 41. Qh8+ Kf7 42. Qxh7+ Kf8 43. Qh4 Ke8 44. Qh8+ Kf7 45. Kg3 d4 46.
exd4 Ra3+ 47. Kh2 1-0

[Event "2.BLS 1617 Caissa Schwarzb. - Schott Ma"]
[Site "?"]
[Date "2017.02.05"]
[Round "5.6"]
[White "Grewenig, Jan"]
[Black "Schenderowitsch, Michael"]
[Result "1/2-1/2"]
[WhiteElo "2141"]
[BlackElo "2343"]
[PlyCount "109"]
[EventDate "2017.??.??"]

1. e4 e6 2. d4 d5 3. Nd2 a6 4. c3 c5 5. exd5 Qxd5 6. Ngf3 cxd4 7. Bc4 Qc6 8.
O-O dxc3 9. bxc3 Qc7 10. Qe2 Nf6 11. Ne5 Bd6 12. f4 O-O 13. Ne4 Nxe4 14. Qxe4
Nd7 15. Re1 Nf6 16. Qe2 Bd7 17. Bd2 Rae8 18. Bd3 Bc6 19. c4 Bc5+ 20. Kh1 Rd8
21. Rad1 Ba4 22. Rb1 Rfe8 23. Rf1 Bc6 24. Rb3 b6 25. Bb1 Be4 26. Ng4 Nxg4 27.
Bxe4 f5 28. Bf3 Nf6 29. Be1 Rd6 30. Bh4 Qf7 31. Rfb1 Red8 32. Be1 Nd7 33. a4 a5
34. Rd1 Bd4 35. Rbb1 Nc5 36. Qc2 Qf6 37. Rb5 Be3 38. Rdb1 Nd7 39. g3 Bc5 40.
Bc3 Bd4 41. Bxd4 Rxd4 42. c5 Nxc5 43. Rxb6 Ne4 44. Bxe4 Rxe4 45. Rb8 Rxb8 46.
Rxb8+ Kf7 47. Kg2 Qa1 48. Rb5 Qe1 49. Rb2 Kg6 50. Qd3 Re3 51. Qb5 Kh6 52. Kh3
Qd1 53. Rf2 Qe1 54. Kg2 Qc3 55. Kh3 1/2-1/2

[Event "2.BLS 1617 Caissa Schwarzb. - Schott Ma"]
[Site "?"]
[Date "2017.02.05"]
[Round "5.7"]
[White "Lanka, Zigurds"]
[Black "Gress, Alexander"]
[Result "1-0"]
[WhiteElo "2439"]
[BlackElo "2181"]
[PlyCount "55"]
[EventDate "2017.??.??"]

1. e4 c5 2. Nf3 d6 3. d4 cxd4 4. Nxd4 Nf6 5. Nc3 a6 6. Be3 e5 7. Nb3 Be7 8. h3
Be6 9. f4 exf4 10. Bxf4 Nc6 11. Qe2 Ne5 12. O-O-O Qc7 13. g4 O-O 14. g5 Nfd7
15. Qg2 a5 16. Nd4 g6 17. h4 a4 18. a3 Ra5 19. h5 Bg4 20. Be2 Bxe2 21. Qxe2 Re8
22. hxg6 Nxg6 23. Qh2 Ndf8 24. Nf5 Qc4 25. Rd5 Rxd5 26. Nxd5 Qa2 27. Nfxe7+
Rxe7 28. Nf6+ 1-0

[Event "2.BLS 1617 Caissa Schwarzb. - Schott Ma"]
[Site "?"]
[Date "2017.02.05"]
[Round "5.8"]
[White "Mueller, Max"]
[Black "Kienast, Joerg"]
[Result "1/2-1/2"]
[WhiteElo "1991"]
[BlackElo "2227"]
[PlyCount "84"]
[EventDate "2017.??.??"]

1. e4 e5 2. Nf3 Nc6 3. Bb5 a6 4. Ba4 Nf6 5. O-O Be7 6. Re1 b5 7. Bb3 O-O 8. d4
d6 9. c3 Bg4 10. d5 Na5 11. Bc2 c5 12. Nbd2 Nd7 13. h3 Bh5 14. Nf1 Nb7 15. Ng3
Bg6 16. a4 c4 17. axb5 axb5 18. Rxa8 Qxa8 19. h4 h5 20. Nh2 Bxh4 21. Nxh5 Nbc5
22. Qg4 Qd8 23. g3 Be7 24. f4 exf4 25. gxf4 Nd3 26. Bxd3 cxd3 27. Nf3 Re8 28.
Nd4 Nf6 29. Nxf6+ Bxf6 30. Qf3 Bxd4+ 31. cxd4 Qh4 32. Bd2 f6 33. f5 Bh5 34.
Qxd3 Kf7 35. Re3 Qg4+ 36. Kf2 Qh4+ 37. Kg1 Rh8 38. Qxb5 Qg4+ 39. Kf2 Qf4+ 40.
Kg1 Qg5+ 41. Kf2 Qf4+ 42. Kg1 Re8 1/2-1/2

[Event "2.BLS 1617 SC Eppingen - Schott Mainz"]
[Site "?"]
[Date "2017.02.19"]
[Round "6.1"]
[White "Lobron, Eric"]
[Black "Breder, Dennis"]
[Result "0-1"]
[WhiteElo "2528"]
[BlackElo "2463"]
[PlyCount "114"]
[EventDate "2017.??.??"]

1. d4 Nf6 2. c4 e6 3. Nc3 Bb4 4. e3 O-O 5. Nge2 d5 6. a3 Bd6 7. cxd5 exd5 8. g3
c6 9. Bg2 Bf5 10. f3 Re8 11. O-O Nbd7 12. b3 h6 13. Ra2 Re7 14. Nf4 Bxf4 15.
exf4 Qa5 16. Qd2 Qa6 17. Rd1 Rae8 18. Bf1 Qb6 19. g4 Nxg4 20. fxg4 Bxg4 21. b4
Bxd1 22. Nxd1 Re1 23. Nf2 c5 24. f5 Qf6 25. Kg2 cxd4 26. Qf4 Ne5 27. Bd2 Rb1
28. Rc2 Rb3 29. Qxd4 Qxf5 30. Rc3 Nf3 31. Rxf3 Qxf3+ 32. Kg1 Re6 33. Bd3 Rf6
34. Be3 Rxa3 35. h3 Ra2 36. Qe5 g6 37. Qd4 h5 38. Bf1 Qf5 39. Bg2 Re6 40. Bxd5
Rxe3 41. Bxa2 Rg3+ 42. Kf1 Rxh3 43. Bd5 Rg3 44. Qxa7 Rg5 45. Be4 Qb5+ 46. Nd3
b6 47. Kf2 Rg4 48. Qa8+ Kg7 49. Qa1+ Kh7 50. Qa8 Qg5 51. Qb7 Kg7 52. Ke2 Qf6
53. b5 h4 54. Bc6 Rd4 55. Nf2 Qe5+ 56. Kf1 Ra4 57. Ne4 Qh2 0-1

[Event "2.BLS 1617 SC Eppingen - Schott Mainz"]
[Site "?"]
[Date "2017.02.19"]
[Round "6.2"]
[White "Noe, Christopher"]
[Black "Dann, Matthias"]
[Result "1/2-1/2"]
[WhiteElo "2429"]
[BlackElo "2488"]
[PlyCount "160"]
[EventDate "2017.??.??"]

1. d4 Nf6 2. Nf3 e6 3. c4 b6 4. g3 Ba6 5. Qa4 Bb7 6. Bg2 c5 7. O-O cxd4 8. Nxd4
Bxg2 9. Kxg2 Qc8 10. Nc3 Qb7+ 11. f3 Be7 12. e4 O-O 13. Be3 Rc8 14. Rfd1 a6 15.
Rac1 d6 16. Nde2 Nbd7 17. Bf4 Ne5 18. Bxe5 dxe5 19. Nb1 Rc6 20. Qc2 Rac8 21.
Qd3 Ne8 22. Rc3 g6 23. a3 Rd6 24. Qc2 f5 25. Rxd6 Nxd6 26. Nd2 Bg5 27. c5 bxc5
28. Nc4 Nb5 29. Rb3 Qc7 30. Rd3 Nd4 31. Nxd4 cxd4 32. b3 Bf6 33. Rd1 Kg7 34.
Qd3 Qb8 35. Rc1 Rc5 36. Rc2 h5 37. b4 Rc8 38. Nd2 Bg5 39. Rxc8 Qxc8 40. Nc4
fxe4 41. fxe4 Qb8 42. Kf3 Qb5 43. Nb2 Qb7 44. Qc4 Qf7+ 45. Ke2 Qb7 46. Kf3 Qf7+
47. Ke2 Qb7 48. Qc2 h4 49. Kd3 hxg3 50. hxg3 Qf7 51. Qe2 Bd8 52. Nc4 Bc7 53.
Kc2 Qd7 54. Kb3 d3 55. Qe3 Qd4 56. a4 Kf6 57. b5 axb5 58. axb5 Qd7 59. b6 d2
60. Qxd2 Qxd2 61. Nxd2 Bxb6 62. Nf3 Bf2 63. g4 Be3 64. Kc4 Bc1 65. Kc5 Be3+ 66.
Kc6 Bc1 67. Kd6 Bf4 68. Kd7 Bc1 69. Kd8 Be3 70. Ke8 Bc1 71. Kf8 Be3 72. Ke8 Bc1
73. Kd7 Be3 74. Kd6 Bf4 75. Kc5 Be3+ 76. Kc4 Bf4 77. Kc3 Be3 78. Kd3 Bf4 79.
Ke2 Bc1 80. Kf2 Bf4 1/2-1/2

[Event "2.BLS 1617 SC Eppingen - Schott Mainz"]
[Site "?"]
[Date "2017.02.19"]
[Round "6.3"]
[White "Krivonosov, Oleg"]
[Black "Yankelevich, Lev"]
[Result "1/2-1/2"]
[WhiteElo "2446"]
[BlackElo "2411"]
[PlyCount "46"]
[EventDate "2017.??.??"]

1. Nf3 d5 2. d4 Nf6 3. c4 e6 4. g3 Be7 5. Bg2 O-O 6. O-O dxc4 7. Qa4 a6 8. Qxc4
b5 9. Qc2 Bb7 10. Bg5 Nbd7 11. Bxf6 Nxf6 12. Nbd2 Rc8 13. Nb3 c5 14. dxc5 Ne4
15. Rfd1 Qc7 16. c6 Qxc6 17. Qxc6 Bxc6 18. Ne5 Bd5 19. Nd7 Rfe8 20. Nb6 Rc2 21.
Nxd5 exd5 22. Rxd5 Bf8 23. Rb1 Rxe2 1/2-1/2